Statistiques concernant Films français les plus vus au cinéma

Cliquez ici pour prendre le quiz!

Statistiques générales

  • Ce quiz a été pris 1 250 fois
  • Le résultat moyen est 5 sur 20

Statistiques - réponses

Réponse% Correct
2011Intouchables
78%
2008Bienvenue chez les Ch'tis
70%
1966La Grande Vadrouille
67%
1993Les Visiteurs
44%
2014Qu'est-ce qu'on a fait au Bon Dieu ?
36%
2002Astérix et Obélix : Mission Cléopâtre
32%
1965Le Corniaud
30%
1988Le Grand Bleu
24%
1998Le Dîner de cons
23%
2000Taxi 2
13%
1962La Guerre des boutons
6%
1957Les Misérables
5%
1999Astérix et Obélix contre César
4%
1959La Vache et le Prisonnier
4%
2006Les Bronzés 3 : Amis pour la vie
4%
1985Trois hommes et un couffin
4%
1974Emmanuelle
3%
1952Le Petit Monde de don Camillo
3%
1988L'Ours
2%
1947Le Bataillon du ciel
1%

Distribution des résultats

Percentile par nombre de réponses

% des personnes avec chaque résultat

Votre développement - résultats

Vous n’avez pas pris ce quiz